01267cam a2200301 a 450000100100000000500170001000800410002702000150006804000250008304100130010808200150012110000400013624501020017624600350027826000290031330000210034244000570036344000550042050400480047550400420052353401170056565100400068265100410072265100390076370000300080295201180083299900150095000000259120200929150223.0860212s1991 sp 001 0 spa d a843092213X aDO-SdBNPbspacBNPHU17aspahfre a940bF386p1 aFerrero, Guglielmod1871-19429816213aEl poder :blos genios invisibles de la ciudad /cGuglielmo Ferrero; traducción, Eloy García.10aGenios invisibles de la ciudad aMadrid :bTecnos,c1991. a309 p. ;c21 cm. 0aCiencias socialespSerie de ciencia política98163 0aSemilla y SurcopSerie de ciencia política98164 aIncluye referencias bibliográficas: p 309 aIncluye notas al pie de las páginas aPouvoir. Les génies invisibles de la citépTítulo original:tEl poder : los genios invisibles de la ciudad 4aEuropaxHistoriaxFilosofía98165 4aEuropaxHistoriaxRevolución98166 4aEuropaxPolítica Y Gobierno95401 aGarcía, Eloyetr.98167 001052708MOaGRbGRcHDd2009-07-06iLF1l0o940 F386pp2591-10r2020-06-25w2020-06-25y2ZPréstamo interno c2427d2427